| 000 | nam a22 a 4500 | ||
|---|---|---|---|
| 999 |
_c1709 _d1709 |
||
| 003 | AKMAL | ||
| 005 | 20170511142955.0 | ||
| 008 | 170511s1984 my a00 may d | ||
| 040 | _aAKMAL | ||
| 082 | 0 | 4 | _a338.91 MOR |
| 090 | 0 | 0 |
_a338.91 _bMOR |
| 100 | 1 |
_aMorawetz, David _93525 |
|
| 245 | 1 | 0 |
_aDua puluh lima tahun pembangunan ekonomi 1950-1975 : _bsuatu hasil kajian bank dunia / _cDavid Morawetz ; terjemahan, Mohd. Shukri Haji Abdullah |
| 260 |
_aKuala Lumpur : _bDewan Bahasa dan Pustaka, _c1984 |
||
| 300 | 0 | 0 |
_axii, 135ms. : _bil. ; _c22cm |
| 500 | _aTerjemahan dari: 'Twenty-five years of economic development 1950-1975' | ||
| 504 | _aBibliografi: ms.113-135 | ||
| 650 | 0 |
_aEconomic development _93447 |
|
| 650 | 0 |
_aUnderdeveloped areas _xEconomics _93526 |
|
| 700 | 0 |
_aMohd. Shukri Haji Abdullah, _d1952- _93527 |
|
| 942 |
_2ddc _cBOOK |
||